000 00759nam a2200265 c 4500
003 DO-SdBNP
005 20240412074311.0
006 a||||gr|||| 00| 0
007 ta
008 230927e1966 dr ||||| |||| 00| 0 spa d
040 _aDO-SdBNP
_bspa
_cBNPHU
_erda
082 4 _222
_aRD863.44
_bC292s
100 _aCaro, Néstor,
_d1917-
_927997
245 1 0 _aSandalo:
_bcuentos
_cNéstor Caro
246 1 3 _aCuentos
264 _aSanto Domingo :
_bC.I.E.D,
_c1966
300 _a61 páginas ;
_c15 cm.
336 _2rdacontent
_atexto
_btxt
337 _2rdamedia
_asin mediación
_bn
338 _2rdacarrier
_avolumen
_bcn
590 _aInventariado 2023 / MF
650 0 _aLiteratura dominicana.
_967
650 4 _aCuentos dominicanos
_97308
942 _2ddc
_cLF2
999 _c54983
_d54983